| 000 | 00676cam a22002291 4500 | ||
|---|---|---|---|
| 001 | ne 63000443 | ||
| 003 | DLC | ||
| 005 | 20260227111742.0 | ||
| 008 | 921120s1962 ua b 000 0 ara | ||
| 010 | _ane 63000443 | ||
| 035 | _a(OCoLC)28043356 | ||
| 040 |
_aDLC _cNNC-L _dDLC |
||
| 042 | _apremarc | ||
| 043 | _af-ua--- | ||
| 050 | 0 | 0 |
_aKRM858 _b.S53 1962 |
| 100 | 1 | _aShanab, Muḥammad Labīb. | |
| 245 | 1 | 0 |
_aSharḥ aḥkām ʻaqd al-muqāwalah _c[taʼlīf] Muḥammad Labīb Shanab. |
| 260 |
_a[al-Qāhirah] _bDār al-Nahḍah al-ʻArabīyah, _c[1962] |
||
| 300 |
_a202 p. _c24 cm. |
||
| 504 | _aIncludes bibliographical footnotes. | ||
| 650 | 0 |
_aContracts _zEgypt. |
|
| 999 |
_c45642 _d45642 |
||